000 01636nam a2200409Ia 4500
001 ebr10635892
003 CaPaEBR
006 m u
007 cr cn|||||||||
008 120430s2012 ilu sb 001 0 eng d
010 _z 2012015104
020 _z1555707947
020 _z9781555707941
020 _z9781555708528
040 _aCaPaEBR
_cCaPaEBR
035 _a(OCoLC)842851125
050 1 4 _aZ718.5
_b.E19 2012eb
082 0 4 _a027.62/6
_223
100 1 _aEagle, mk,
_d1983-
245 1 0 _aAnswering teens' tough questions
_h[electronic resource] /
_cmk Eagle.
260 _aChicago :
_bNeal-Schuman, an imprint of the American Library Association,
_c2012.
300 _ax, 125 p.
490 1 _aTeens at the library series
504 _aIncludes bibliographical references and index.
533 _aElectronic reproduction.
_bPalo Alto, Calif. :
_cebrary,
_d2013.
_nAvailable via World Wide Web.
_nAccess may be limited to ebrary affiliated libraries.
650 0 _aLibraries and teenagers
_zUnited States.
650 0 _aYoung adults' libraries
_zUnited States.
650 0 _aYoung adult services librarians
_zUnited States
_xAttitudes.
650 0 _aTeenagers
_zUnited States
_xAttitudes.
650 0 _aTeenagers
_zUnited States
_xSocial conditions.
650 0 _aTeenagers
_xServices for
_zUnited States.
655 7 _aElectronic books.
_2local
710 2 _aebrary, Inc.
710 2 _aYoung Adult Library Services Association.
830 0 _aTeens @ the library series.
856 4 0 _uhttp://site.ebrary.com/lib/rucke/Doc?id=10635892
_zAn electronic book accessible through the World Wide Web; click to view
999 _c46446
_d46446